000 00201nam a2200097Ia 4500
008 190216s9999||||xx |||||||||||||| ||und||
100 _aNil
245 0 _aGhanda Kavyangal
260 _bNull
942 _cBK
999 _c24259
_d24259